Taxes and tradable permits as instrument for controlling pollution theory and practice
Saved in:
| Main Author: | |
|---|---|
| Other Authors: | |
| Format: | Book |
| Language: | English |
| Published: |
Washington
International Monetary Fund
2000
|
| Series: | IMF Working Paper
WP/00/13 |
| Subjects: | |
| Tags: |
No Tags, Be the first to tag this record!
|
MARC
| LEADER | 00000nam a2200000 4500 | ||
|---|---|---|---|
| 001 | c124133 | ||
| 005 | 20221221083732.8 | ||
| 041 | 0 | |a eng | |
| 044 | |a US | ||
| 245 | 1 | 0 | |a Taxes and tradable permits as instrument for controlling pollution |b theory and practice |c John Norregaard and Valerie Reppelin-Hill |
| 264 | 1 | |a Washington |b International Monetary Fund |c 2000 | |
| 300 | |a 49 s. | ||
| 490 | 1 | |a IMF Working Paper |v WP/00/13 | |
| 830 | 0 | |a IMF Working Paper |v WP/00/13 | |
| 610 | 2 | 0 | |a dane |
| 610 | 2 | 0 | |a povolenia pracovné |
| 610 | 2 | 0 | |a znečistenie prostredia životného |
| 610 | 2 | 0 | |a environmentalistika |
| 610 | 2 | 0 | |a kontrola |
| 610 | 2 | 0 | |a kontrola znečistenia |
| 100 | 1 | |a Norregaard, John | |
| 700 | 1 | |a Reppelin-Hill, Valérie | |